000 00402nam a2200193Ia 4500
001 13503
003 GE_BSU
008 181216s||||||||xx |||||||||||||| ||und||
020 _a033029217X
040 _cGE_BSU
080 _a821.111-3
100 _aHiggins,Jack.
245 _aConfessional.
260 _aLondon.
260 _c1985
300 _a256p;18cm.
653 _aConfessional.
942 _cBK
999 _c46662
_d46662